书目信息 |
| 题名: |
中国透视2008
|
|
| 作者: | ;全球环境研究所 编 | |
| 分册: | ||
| 出版信息: | 北京 中国环境科学出版社 2009.04 |
|
| 页数: | 182页 | |
| 开本: | 24cm | |
| 丛书名: | ||
| 单 册: | ||
| 中图分类: | F323.9 , F426.2 , F326.2 | |
| 科图分类: | ||
| 主题词: | 不发达地区--扶贫资金--研究--中国 , 节能--研究--中国 , 森林资源--经济管理--研究--中国 | |
| 电子资源: | ||
| ISBN: | 978-7-80209-993-7 | |
| 000 | 01079nam0 2200289 450 | |
| 001 | 012010609055 | |
| 005 | 20100705140343.65 | |
| 009 | 012004374929 | |
| 010 | @a978-7-80209-993-7@dCNY39.00 | |
| 100 | @a20100515d2009 em y0chiy0110 ea | |
| 101 | 0 | @achi |
| 102 | @aCN@b110000 | |
| 105 | @aa z 000yy | |
| 200 | 1 | @a中国透视2008@Azhong guo tou shi 2008@e金融与扶贫·能源与减排·森林资源@f全球环境研究所编@Fquan qiu huan jing yan jiu suo bian |
| 210 | @a北京@c中国环境科学出版社@d2009.04 | |
| 215 | @a182页@c图@d24cm | |
| 330 | @a本书以独特的视角对显性的经济、环境问题及其隐性原因进行了分析,主要探讨了农村金融、节能以及森林资源保护三大挑战。 | |
| 517 | 1 | @a金融与扶贫·能源与减排·森林资源@Ajin rong yu fu pin· neng yuan yu jian pai· sen lin zi yuan |
| 606 | 0 | @a不发达地区@x扶贫资金@x研究@y中国 |
| 606 | 0 | @a节能@x研究@y中国 |
| 606 | 0 | @a森林资源@x经济管理@x研究@y中国 |
| 690 | @aF323.9@v4 | |
| 690 | @aF426.2@v4 | |
| 690 | @aF326.2@v4 | |
| 711 | 02 | @a全球环境研究所@Aquan qiu huan jing yan jiu suo@4编 |
| 801 | 0 | @aCN@c20100515 |
| 905 | @dF323.9@eQ950@f3 | |
| 中国透视2008:金融与扶贫·能源与减排·森林资源/全球环境研究所编.-北京:中国环境科学出版社,2009.04 |
| 182页:图;24cm |
| ISBN 978-7-80209-993-7:CNY39.00 |
| 本书以独特的视角对显性的经济、环境问题及其隐性原因进行了分析,主要探讨了农村金融、节能以及森林资源保护三大挑战。 |
| ● |
| 相关链接 |
|
|
|
正题名:中国透视2008
索取号:F323.9/Q950
 
预约/预借
| 序号 | 登录号 | 条形码 | 馆藏地/架位号 | 状态 | 备注 |